000 00996cam a2200253 a 4500
001 000005934
003 DO-SdBNP
005 20220519134606.0
008 020927s2002 mx a b 001 0 spa
020 _a9687947047 (Colegio de la Frontera Norte)
020 _a9707220392 (Plaza y Valdés)
040 _aDO-SdBNP
_cDLC
082 4 _a972.7214
_bC764e
_222
100 1 _aContreras Delgado, Camilo.
_916726
245 1 0 _aEspacio y sociedad :
_breestructuración espacial de un antiguo enclave minero /
_cCamilo Contreras Delgado.
260 _aMéxico :
_bEl Colegio de la Frontera Norte,
_bPlaza y Valdés,
_c2002.
300 _a191 p. :
_bil. ;
_c22 cm.
504 _aIncluye referencias bibliográficas (p. 181-191).
651 4 _aMinas De Barroterán (Coahuila México)
_xCondiciones sociales
_916727
651 4 _aMinas De Barroterán (Coahuila México)
_xCondiciones Esconómicas
_916728
710 2 _aPlaza y Valdés.
_916729
910 _aCatalogación por copia / LC
942 _2ddc
_cLBS1
999 _c5730
_d5730